000 00827nam a22002777a 4500
001 4356999
003 DO-SdBPM
005 20260518135110.0
007 ta
008 081016s1992 sp | |||| 000 0 spa
020 _a8426126650
040 _aDO-SdBPM
_bspa
_cBPMSU
_erda
082 0 4 _a770.1
_bS714f 1992
_222
100 1 _aSoriano, Tino
_d1955-
_eautor
_4aut.
245 1 0 _aLa fotografía en los viajes /
_cTino soriano
264 _a Barcelona :
_bEditorial Juventud
_c1992
300 _a223 páginas :
_c23 cm
336 _atexto
_btxt
_2rdacontent
337 _asin meciación
_bn
_2rdamedia
338 _avolumen
_bnc
_2rdacarrier
590 _aInventariado, 2026/VM
650 7 _aFotografía
_x
700 1 _aGardini, Carlos
_etraductor
910 _aVMateo V. Control de calidad BPMSU
942 _2ddc
_cBK
999 _c15757
_d15757